Statistics for Most Receiving Touchdowns - NFL

Click here to take the quiz!

General Stats

  • This quiz has been taken 987 times
    (937 since last reset)
  • The average score is 10 of 17

Answer Stats

TDTeamPlayer% Correct
18749ersJerry Rice
99%
156VikingsRandy Moss
98%
115CardinalsLarry Fitzgerald
88%
128ColtsMarvin Harrison
80%
15349ersTerrell Owens
73%
130VikingsCris Carter
70%
100RaidersTim Brown
70%
116ChargersAntonio Gates
65%
111ChiefsTony Gonzalez
63%
100SeahawksSteve Largent
61%
91RamsIsaac Bruce
48%
85SteelersHines Ward
47%
87BillsAndre Reed
43%
99PackersDon Hutson
22%
85ChargersLance Alworth
21%
88JetsDon Maynard
13%
85BrownsPaul Warfield
5%

Score Distribution

Percentile by Number Answered

Percent of People with Each Score

Your Score History

You have not taken this quiz since the last reset